00983nab a22001817a 4500003000400000005001700004008004100021040000700062100003200069245008800101300001500189505035600204505007200560650002300632650002700655650002200682773009700704OSt20260108020609.0190514b xxu||||| |||| 00| 0 spa d cPJ aFernández, María José10aProtección de la vivienda y uniones convivenciales /cMaría José Fernández. ap. 116-123 aSumario: I. Breves palabras de inicio. Elección del tema.— II. Introducción. — III. Uniones convivenciales y vivienda familiar.— IV. Relaciones de familia y restricciones al poder dispositivo. Evolución.— V. Estatuto patrimonial de las uniones convivenciales.— VI. Instrumentos de protección de la vivienda. — VII. A modo de cierre tSi te interesa el texto, comunicate a koha@justierradelfuego.gov.ar 0aDERECHO DE FAMILIA 0aUNIONES CONVIVENCIALES 0aVIVIENDA FAMILIAR0 02844dBuenos Aires : AbeledoPerrot, 1989-tDerecho de familia. N° 119 - Mayo 2025z18511201